| Tag |
First Indicator |
Second Indicator |
Subfields |
| LEADER |
00000cam a2200000 a 4500 |
| 001 |
in00000097594 |
| 005 |
20150924085257.0 |
| 008 |
810902s1981 enka b 00110 eng |
| 010 |
|
|
|a 80041858
|
| 015 |
|
|
|a GB***
|
| 020 |
|
|
|a 0710007426 (pbk.)
|
| 035 |
|
|
|a (OCoLC)07811980
|
| 035 |
|
|
|9 AAK9218AM
|
| 039 |
0 |
|
|a 2
|b 3
|c 3
|d 3
|e 3
|
| 040 |
|
|
|a DLC
|c DLC
|d TXA
|d UtOrBLW
|
| 043 |
|
|
|a e-uk---
|
| 049 |
|
|
|a TXAM
|c [952480]
|
| 050 |
0 |
0 |
|a JN451
|b P57
|
| 082 |
0 |
|
|a 354.4104
|2 19
|
| 100 |
1 |
|
|a Pitt, Douglas C.
|
| 245 |
1 |
0 |
|a Government departments :
|b an organizational perspective /
|c D.C. Pitt and B.C. Smith.
|
| 264 |
|
1 |
|a London ;
|a Boston :
|b Routledge & K. Paul,
|c 1981.
|
| 300 |
|
|
|a ix, 149 pages :
|b illustrations ;
|c 24 cm.
|
| 336 |
|
|
|a text
|b txt
|2 rdacontent
|
| 337 |
|
|
|a unmediated
|b n
|2 rdamedia
|
| 338 |
|
|
|a volume
|b nc
|2 rdacarrier
|
| 490 |
0 |
|
|a Routledge direct editions
|
| 500 |
|
|
|a Includes index.
|
| 504 |
|
|
|a Bibliography: pages 140-143.
|
| 651 |
|
0 |
|a Great Britain
|x Executive departments.
|
| 700 |
1 |
|
|a Smith, Brian C.
|
| 999 |
|
|
|a MARS
|
| 999 |
f |
f |
|s 2b75da5e-fd23-36aa-86b9-5f8a95a45e01
|i b45c0518-7d28-32e8-9a92-1c2170d328ff
|t 0
|
| 952 |
f |
f |
|p ric
|a Texas A&M University
|b Rellis Campus
|c Joint Library Facility
|d Remote Storage
|t 0
|e JN451 P57
|h Library of Congress classification
|i unmediated -- volume
|m A14806020380
|
| 998 |
f |
f |
|a JN451 P57
|t 0
|l Remote Storage
|